|
|
|
|
| LEADER |
00000nam a22000005a 4500 |
| 001 |
15212 |
| 003 |
CL-ChBUA |
| 005 |
20120815103542.0 |
| 008 |
070301s1959 ag 000 0 spa |
| 040 |
|
|
|a CL-ChBUA
|c CL-ChBUA
|
| 082 |
0 |
0 |
|a 155.5
|
| 090 |
|
|
|c 15212
|d 15212
|
| 100 |
1 |
|
|a Brooks, Fowler D.
|
| 245 |
1 |
0 |
|a Psicología de la adolescencia
|
| 250 |
|
|
|a 2ª ed.
|
| 260 |
|
|
|b Kapelusz.
|a Buenos Aires.
|c 1959.
|
| 300 |
|
|
|a 643 p.
|c 20 cm.
|
| 504 |
|
|
|a Indice.
|
| 650 |
|
4 |
|a ADOLESCENCIA.
|
| 650 |
|
4 |
|a PSICOLOGIA DEL ADOLESCENTE.
|
| 942 |
|
|
|c LIB
|
| 952 |
|
|
|0 0
|1 0
|4 0
|7 0
|9 21271
|a UNACH
|b UNACH
|c 100
|d 2007-03-05
|i 15.936.
|l 0
|o 155.5 / B 873.
|p 22270
|r 2019-05-02 00:00:00
|u 21271
|w 2012-08-08
|y LIB
|k 155.5 / B 873.
|
| 999 |
|
|
|c 15212
|d 15212
|